The Care and Conservation of Georgian Houses

Salvato in:
Dettagli Bibliografici
Natura: Libro
Lingua:inglese
Pubblicazione: London : Arch Press, 1981
Soggetti:
Tags: Aggiungi Tag
Nessun Tag, puoi essere il primo ad aggiungerne!!

MARC

LEADER 00000nam a22000003a 4500
001 stu10602
005 20150408181850.8
008 941020s1981----uk------------------eng-d
020 |a 0851390978 
040 |a STU  |b slo 
041 0 |a eng 
044 |a uk 
245 |a The Care and Conservation of Georgian Houses 
260 |a London :  |b Arch Press,  |c 1981 
300 |a nestr 
650 7 |a ochrana pamiatok  |2 stusub 
650 7 |a obnova pamiatok  |2 stusub 
996 |b 284AU01077  |c A*812 U  |l AAKNAR  |s A  |a 24  |w stu10602_0001